000 00289nam a2200097Ia 4500
008 220120s9999||||xx |||||||||||||| ||und||
100 _aMala, V & Radhica
_912055
245 0 _aHotel reservation systems
260 _aCoorg Institute of Technology
_bPonnampet
_c2005
650 _aCOMPUTER SCIENCE
999 _c137639
_d137639